Metal and Hardrock albums of 1988 - Statistics

General Stats
  • This quiz has been taken 164 times
  • The average score is 40 of 100
Answer Stats
Hint Answer % Correct
50 ...And Justice For All Metallica
97%
19 Seventh Son Of A Seventh Son Iron Maiden
93%
84 GN'R Lies Guns N' Roses
90%
89 Quiet Riot Quiet Riot
90%
51 South Of Heaven Slayer
89%
43 Ram It Down Judas Priest
87%
34 So Far, So Good... So What? Megadeth
87%
18 Kings Of Metal Manowar
84%
17 Danzig Danzig
82%
1 Blow Up Your Video AC/DC
80%
87 Keeper Of The Seven Keys Part 2 Helloween
80%
20 Leprosy Death
77%
79 L.A. Guns L.A. Guns
75%
82 Operation: Mindcrime Queensrÿche
75%
42 Winger Winger
74%
55 New Jersey Bon Jovi
72%
3 State Of Euphoria Anthrax
70%
74 Open Up And Say... Ahh! Poison
70%
94 The New Order Testament
62%
67 Smashes, Thrashes & Hits Kiss
61%
56 Britny Fox Britny Fox
59%
66 Power Metal Pantera
57%
57 OU812 Van Halen
56%
61 BulletBoys BulletBoys
54%
63 Kingdom Come Kingdom Come
54%
40 No Rest For The Wicked Ozzy Osbourne
54%
30 Dimension Hatröss Voivod
54%
41 Dirty Rotten Filthy Stinking Rich Warrant
54%
15 Blood Fire Death Bathory
52%
59 Them King Diamond
52%
60 King Kobra III King Kobra
52%
90 Lillian Axe Lillian Axe
52%
76 Long Cold Winter Cinderella
51%
71 No Sleep At All Motörhead
48%
70 Cold Lake Celtic Frost
46%
24 Under The Influence Overkill
46%
85 Rigor Mortis Rigor Mortis
46%
39 Savage Amusement Scorpions
46%
78 From Enslavement To Obliteration Napalm Death
44%
44 In God We Trust Stryper
44%
25 Frolic Through The Park Death Angel
43%
80 Forbidden Evil Forbidden
43%
88 How Will I Laugh Tomorrow When I Can't Even Smile Today Suicidal Tendencies
43%
12 Port Royal Running Wild
41%
77 Mortal Way Of Life Sodom
41%
86 The Morning After Tankard
41%
31 Beast From The East Dokken
39%
6 Saints Will Conquer Armored Saint
38%
65 Reek Of Putrefaction Carcass
38%
97 Hobbs' Angel Of Death Hobbs' Angel Of Death
38%
4 Vivid Living Colour
38%
11 Thundersteel Riot
38%
29 Destiny Saxon
38%
53 Odyssey Yngwie J. Malmsteen
36%
28 Battalions Of Fear Blind Guardian
33%
14 4 Of A Kind D.R.I.
33%
73 Blow My Fuse Kix
33%
16 Reach For The Sky Ratt
33%
45 In Battle There Is No Law Bolt Thrower
26%
48 Violent Restitution Razor
26%
38 Out Of This World Europe
25%
52 The Land Of Rape And Honey Ministry
25%
22 Eternal Nightmare Vio-lence
25%
91 Punishment For Decadence Coroner
23%
54 Live+1 Frehley's Comet
23%
68 Second Sighting Frehley's Comet
23%
93 Survive Nuclear Assault
23%
96 Ultramega OK Soundgarden
23%
69 Malleus Maleficarum Pestilence
21%
99 Perfect Man Rage
21%
9 World Circus Toxik
21%
100 Transcendence Crimson Glory
20%
32 Nothing's Shocking Jane's Addiction
20%
5 Old Lady Drivers OLD
20%
98 Anno Domini Tormentor
20%
6 All Systems Go Vinnie Vincent Invasion
20%
33 Nothing Exceeds Like Excess Raven
18%
26 Stone Stone
18%
36 The Sane Asylum Blind Illusion
16%
46 No Exit Fates Warning
16%
10 Socialized Hate Atrophy
15%
92 A Distant Thunder Helstar
15%
2 Out Of The Abyss Manilla Road
15%
49 The Music Of Erich Zann Mekong Delta
15%
62 Spectrum Of Death Morbid Saint
13%
23 Illusions Sadus
13%
13 Stream Of Conciousness Cryptic Slaughter
11%
7 Stand In Line Impellitteri
11%
37 Say Uncle Uncle Slam
11%
47 The Biz Suxx Wrathchild
11%
64 Act Of God Znöwhite
11%
58 Black Death Brocas Helm
10%
27 Age Of Consent Virgin Steele
10%
81 Take A Bite Girlschool
8%
35 Sweet Dreams Sword
8%
21 In Heat Black 'N Blue
7%
72 Go Off! Cacophony
7%
83 Dominator Cloven Hoof
7%
95 Big Deal Killer Dwarfs
7%
75 Rather Death Than False Of Faith Hydra Vein
5%
No matching quizzes found
Score Distribution
Percent of People with Each Score
Percentile by Number Answered
Your Score History
You have not taken this quiz